000 00682nam a2200229Ia 4500
003 OSt
005 20220926033836.0
006 a|||||r|||| 00| 0
007 ta
008 220923b |||||||| |||| 00| 0 eng d
037 _cGeneral Book
040 _aRTL
_cRTL
_beng
041 _2eng
_aeng
082 _aY:5.252sP11, Q2.1
100 _aCENSUS OF INDIA 2011
245 0 _aTables on Houses, Household Amenities and Assets
_b Uttar Pradesh
260 _aUttar Pradesh
_bGovt. Press India
_c2012
300 _alxxv, 688p
_ccm.
490 _vVolume I
_a10
942 _hY:5.252sP11, Q2.1
_cGB
_2CC
999 _c658013
_d658013